Thorpe park quiz - Statistics

General Stats
  • This quiz has been taken 140 times
  • The average score is 17 of 40
Answer Stats
Question Answer % Correct
How tall is the swarm 39m
83%
What is the jungles logo A leaf
83%
What can be found hanging out of the KFC building A shark
83%
Which park did samurai move to Thorpe park from Chessington
83%
How old is colossus turning this year 18
67%
When did Thorpe park open 1979
67%
When did the first fright nights take place 2002
67%
Where can an Easter egg for the swarms code name be found. A container
67%
What plastic animal can be seen within the jungle on nemesis inferno A corocadile
67%
In 2019 what actor was placed in the last room of containment A man covered in blood
67%
the ghost trains plans detailed a _______ that would be added to the surrounding area that never happened. A watchtower
67%
What was the project name for saw the ride Project Dylan
67%
What is the name of the family in creek freak The buckwheats
67%
How many inversions does nemesis inferno have 4
50%
The ghost trains code name was project white chapel. But was was this a reference to A train station in London
50%
In the same year Thorpe released bouncezilla! But who was it sponsored by Attack a snack
50%
Who ran the VR at game fx in 2019 Ready player VR
50%
What coaster does this slogan belong to. “Face your fears” Saw the ride
50%
What was the maze that was located in the asylum building during the first fright nights The freezer
50%
What is the swarms code name(LC12) in reference to The long count calendar
50%
During the planning stages for the shark hotel Thorpe had many different themes to choose from including: the shark, the boardwalk and...... A boat
33%
In Blair witch 2018 were did the ore show take place Around a campfire
33%
In 2019 what famous attraction was confirmed to close Loggers leap
33%
What is the iconic fright nights son called Perfect day
33%
What famous walking dead location is do or die set in. Terminus
33%
During fright nights 2013 who made the announcements throughout the park The director
33%
What kids ride was relocated to old town to make way for storm surge The rocky express
33%
Is Archie deaves tall enough to ride stealth. (No offence intended Archie) Yes
33%
On what date was the swarm opened 15th of march
17%
How many coasters are there at Thorpe park in total 7
17%
Which big top item was added to reference the ghost train A cog
17%
What is the name of the character questioning you in the walking dead the ride pre show Dylan
17%
In the beginning of the 2019 season Thorpe park hosted game fx but who ran it HYPD
17%
On what site was the proposed 2016 coaster going to be located Site A
17%
During 2019 Thorpe park released their 40th anniversary merch which labelled all attractions that had been built up to...... The ghost train
17%
What is stealths official top speed 82mph
0%
What is the name of the transport station that became the sleeper express Canada railway
0%
What was the first themed coaster to come to Thorpe park Colossus
0%
Within do or die 2019 what was the name of the supply’s you were sent to get El Arno
0%
In the 2013 fright nights event what film were the roaming actors from Your next
0%
No matching quizzes found
Score Distribution
Percent of People with Each Score
Percentile by Number Answered
Your Score History
You have not taken this quiz